Eduardo Abaroa / (Record no. 407)

MARC details
000 -LEADER
campo de control de longitud fija 01552mam a2200385 a 4500
001 - NÚMERO DE CONTROL
campo de control 2995384
005 - FECHA Y HORA DE LA ÚLTIMA TRANSACCIÓN
campo de control 20220326193309.0
008 - DATOS DE LONGITUD FIJA--INFORMACIÓN GENERAL
campo de control de longitud fija 000417s1999 mx a bc f000 0dspa d
020 ## - NÚMERO INTERNACIONAL ESTÁNDAR DEL LIBRO
Número Internacional Estándar del Libro 9701829840
020 ## - NÚMERO INTERNACIONAL ESTÁNDAR DEL LIBRO
Número Internacional Estándar del Libro 1889195405
035 ## - NÚMERO DE CONTROL DEL SISTEMA
Número de control de sistema (OCoLC)500941550
035 ## - NÚMERO DE CONTROL DEL SISTEMA
Número de control de sistema (OCoLC)ocn500941550
035 ## - NÚMERO DE CONTROL DEL SISTEMA
Número de control de sistema (NNC)2995384
040 ## - FUENTE DE CATALOGACIÓN
Centro catalogador/agencia de origen MH-FA
Centro/agencia transcriptor MH-FA
Centro/agencia modificador CStRLIN
041 0# - CÓDIGO DE IDIOMA
Código de lengua del texto/banda sonora o título independiente engspa
082 ## - NÚMERO DE LA CLASIFICACIÓN DECIMAL DEWEY
Número de clasificación 708
Número de ítem A118e
100 1# - ENTRADA PRINCIPAL--NOMBRE DE PERSONA
Nombre de persona Abaroa, Eduardo,
Fechas asociadas al nombre 1968-
9 (RLIN) 1949
245 10 - MENCIÓN DEL TÍTULO
Título Eduardo Abaroa /
Mención de responsabilidad, etc. [textos, Fernando Castrol Florez ... et al.].
246 3# - FORMA VARIANTE DEL TITULO
Título propio/Titulo breve Engendros del ocio y la hipocresía
246 3# - FORMA VARIANTE DEL TITULO
Título propio/Titulo breve Freaks of leisure and hypocrisy, 1991-1999
250 ## - MENCION DE EDICION
Mención de edición [1. ed.]
260 ## - PUBLICACIÓN, DISTRIBUCIÓN, ETC.
Lugar de publicación, distribución, etc. Mexico, D.F. :
Nombre del editor, distribuidor, etc. Instituto Nacional de Bellas Artes,
Fecha de publicación, distribución, etc. [1999]
300 ## - DESCRIPCIÓN FÍSICA
Extensión 93 p. :
Otras características físicas ill. (some col.) ;
Dimensiones 22 cm.
500 ## - NOTA GENERAL
Nota general Catalog of an exhibition held at the Museo de Arte Carrillo Gil, Mexico City, Aug.4-Nov. 11, 1999; Instituto Cultural Cabanas, Guadalajara, Jan.-Mar., 2000; Track 16, Santa Monica, Summer, 2000.
500 ## - NOTA GENERAL
Nota general Cover title : Engendros del ocio y la hipocresía = Freaks of leisure and hypocrisy, 1991-1999.
504 ## - NOTA DE BIBLIOGRAFÍA, ETC.
Nota de bibliografía, etc. Includes bibliographical references.
546 ## - NOTA DE IDIOMA
Nota de lengua/lenguaje English and Spanish.
600 10 - PUNTO DE ACCESO ADICIONAL DE MATERIA--NOMBRE DE PERSONA
Nombre de persona Abaroa, Eduardo,
Fechas asociadas al nombre 1968-
Subdivisión de forma Exhibitions.
9 (RLIN) 1950
650 ## - PUNTO DE ACCESO ADICIONAL DE MATERIA--TÉRMINO DE MATERIA
Término de materia o nombre geográfico como elemento de entrada arte mexicano
Subdivisión general arte moderno
9 (RLIN) 1951
700 1# - ENTRADA AGREGADA--NOMBRE PERSONAL
Nombre de persona Castro Flórez, Fernando.
9 (RLIN) 1952
710 2# - ENTRADA AGREGADA--NOMBRE DE ENTIDAD CORPORATIVA
Nombre de entidad corporativa o nombre de jurisdicción como elemento de entrada Museo de Arte Carrillo Gil.
9 (RLIN) 1953
710 2# - ENTRADA AGREGADA--NOMBRE DE ENTIDAD CORPORATIVA
Nombre de entidad corporativa o nombre de jurisdicción como elemento de entrada Instituto Cultural Cabañas (Guadalajara, Mexico)
9 (RLIN) 1954
710 2# - ENTRADA AGREGADA--NOMBRE DE ENTIDAD CORPORATIVA
Nombre de entidad corporativa o nombre de jurisdicción como elemento de entrada Track 16 Gallery and Mainspace.
9 (RLIN) 1955
Holdings
Estatus retirado Estado de pérdida Fuente del sistema de clasificación o colocación Estado de daño No para préstamo Biblioteca de origen Biblioteca actual Ubicación en estantería Fecha de adquisición Total de préstamos Signatura topográfica completa Código de barras Visto por última vez Precio de reemplazo Tipo de ítem Koha
    Clasificación Decimal Dewey     Biblioteca LadoV Biblioteca LadoV   17/01/2015   708 A118e 000554 17/01/2015 17/01/2015 Material 01